00386nam a2200145Ia 4500008004100000020001500041041001200056082001600068100001800084245005900102260003700161300000800198650001500206700001900221221030s9999 xx 000 0 und d a8174937985 aEnglish a105.23bPat aB. Pattanayak 0aOrganisational Development Skills for Competitive Edge bHimalaya Pub HouseaMeerutc2000 a111 aManagement aS. Ravishankar